Every Olympics Host City - Statistics

General Stats
  • This quiz has been taken 119 times
  • The average score is 50 of 62
Answer Stats
Year Country City % Correct
1992 Spain Barcelona
100%
1968 Mexico Mexico City
100%
1960 Italy Rome
100%
1988 South Korea Seoul
100%
1940 Japanese Empire Tokyo
100%
1964 Japan Tokyo
100%
2020 (2021) Japan Tokyo
100%
1896 Kingdom of Greece Athens
99%
2004 Greece Athens
99%
1908 United Kingdom London
99%
1944 United Kingdom London
99%
1948 United Kingdom London
99%
2012 United Kingdom London
99%
1980 U.S.S.R. Moscow
99%
1900 France Paris
99%
1924 France Paris
99%
2024 France Paris
99%
2008 China Beijing
98%
2022 China Beijing
98%
1940 Finland Helsinki
98%
1952 Finland Helsinki
98%
2016 Brazil Rio de Janeiro
98%
1912 Sweden Stockholm
98%
1956 Sweden Stockholm
98%
2000 Australia Sydney
98%
1916 German Empire Berlin
97%
1936 Nazi Germany Berlin
97%
1928 Netherlands Amsterdam
96%
1932 United States Los Angeles
96%
1984 United States Los Angeles
96%
1956 Australia Melbourne
96%
1972 West Germany Munich
95%
2010 Canada Vancouver
94%
1996 United States Atlanta
92%
1920 Belgium Antwerp
90%
1976 Canada Montreal
90%
1952 Norway Oslo
88%
2014 Russia Sochi
84%
2002 United States Salt Lake City
78%
2006 Italy Turin
78%
1904 United States St. Louis
74%
1984 Yugoslavia Sarajevo
71%
1988 Canada Calgary
70%
1964 Austria Innsbruck
69%
1976 Austria Innsbruck
69%
1940 Japanese Empire Sapporo
63%
1972 Japan Sapporo
63%
1994 Norway Lillehammer
60%
1998 Japan Nagano
55%
1932 United States Lake Placid
49%
1980 United States Lake Placid
49%
2018 South Korea Pyeongchang
48%
1944 Kingdom of Italy Cortina d'Ampezzo
47%
1956 Italy Cortina d'Ampezzo
47%
1928 Switzerland St. Moritz
47%
1948 Switzerland St. Moritz
47%
1968 France Grenoble
46%
1924 France Chamonix
44%
1936 Nazi Germany Garmisch-Partenkirchen
39%
1940 Nazi Germany Garmisch-Partenkirchen
39%
1992 France Albertville
37%
1960 United States Squaw Valley
32%
No matching quizzes found
Score Distribution
Percent of People with Each Score
Percentile by Number Answered
Your Score History
You have not taken this quiz